Religion Quiz

Random Religion or Letter Quiz

The Bible Without the BIBLE Quiz Stats

 Plays Quiz Updated Mar 6, 2020

Support Sporcle.
Go Orange.
Score 0/56 Timer 04:00
1 Play Today
BIBLE-less Bible books % Correct
RUTHRUTH
99.7%
ROMANSROMANS
99.7%
ACTSACTS
99.7%
MARKMARK
99.7%
JOSHUAJOSHUA
99.6%
JONAHJONAH
99.6%
JOHNJOHN
99.6%
AMOSAMOS
99.6%
NAHUMNAHUM
99.5%
JOHNJOHN 1, 2, 3
99.2%
MATTHWMATTHEW
77.8%
PSAMSPSALMS
77.6%
KNGSKINGS 1, 2
77.4%
TMOTHYTIMOTHY 1, 2
77.4%
XODUSEXODUS
77.2%
GNSSGENESIS
77.1%
JUDGSJUDGES
77.1%
NUMRSNUMBERS
76.7%
PROVRSPROVERBS
76.5%
SONG OF SOOMONSONG OF SOLOMON
76.1%
CORNTHANSCORINTHIANS 1, 2
75.6%
PTRPETER 1, 2
75.4%
JRMAHJEREMIAH
74.8%
TTUSTITUS
74.4%
JOJOB, JOEL
74.1%
SAMUSAMUEL 1, 2
73.9%
MCAHMICAH
72.9%
CHRONCSCHRONICLES 1, 2
72.7%
BIBLE-less Bible books % Correct
DUTRONOMYDEUTERONOMY
72%
JUDJUDE
71.9%
HRWSHEBREWS
71%
JAMSJAMES
70.9%
DANDANIEL
69.9%
GAATANSGALATIANS
69.7%
VTCUSLEVITICUS
68.9%
ZRAEZRA
68.2%
THSSAONANSTHESSALONIANS 1, 2
67.6%
RVATONREVELATION
66.5%
AMNTATONSLAMENTATIONS
66.3%
PHPPANSPHILIPPIANS
66.3%
COOSSANSCOLOSSIANS
65.7%
STHRESTHER
65.3%
MAACHMALACHI
63.9%
HOSAHOSEA
62.3%
ZCHARAHZECHARIAH
61.7%
UKLUKE
60.6%
ZPHANAHZEPHANIAH
60.5%
PHSANSEPHESIANS
60.4%
OADAHOBADIAH
59.5%
NHMAHNEHEMIAH
58.9%
PHMONPHILEMON
57.5%
ZKEZEKIEL
56.9%
CCSASTSECCLESIASTES
53.9%
HAAKKUKHABAKKUK
53.5%
HAGGAHAGGAI
52.2%
SAAHISAIAH
50.9%

You're not logged in!

Compare scores with friends on all Sporcle quizzes.
OR
Log In

From the Vault

Two Clues, One Click

by MSUKent

All we need is just one. more. clue.
Remove Ads.
Support Sporcle.
Get the best of Sporcle when you Go Orange. This ad-free experience offers more features, more stats, and more fun while also helping to support Sporcle. Thank you for becoming a member.

Show Comments

Extras

Top Quizzes Today


Score Distribution

Your Account Isn't Verified!

In order to create a playlist on Sporcle, you need to verify the email address you used during registration. Go to your Sporcle Settings to finish the process.

Report this User

Report this user for behavior that violates our Community Guidelines.

Details: